000 00732nas a2200241 4500
001 BR8006586
003 BR-BrBNA
005 20231205084427.0
007 ta
008 230509b bl.|||p| |||| 00| 00por d
040 _aBR-BrBNA
_bpor
_cBiblioteca Nacional de Agricultura
041 _a(Pt)
072 _aS00
100 1 _aMazzilli, R.N.
245 1 _aEstudo para avaliar a alimentacao pre-escolar atraves de medidas do consumo alimentar
650 _aALIMENTACAO
650 _aCONSUMO ALIMENTAR
650 _aNUTRICAO HUMANA
650 _aESCOLA
773 0 _tAlimentacao e Nutricao (Brazil)
_xISSN 0101-1103
_g(Nov 1980), v. 1(2) p. 60-11
_wBR8006586
909 _a202311
_bLúcia
_c55
_dLúcia Elande
942 _2AGRIS
_n0
_cANA
999 _c105156
_d105156